000 00666cam a2200229 a 4500
003 UPN
005 20220526133839.0
008 191211s2008 mx a gr 000 0dspa d
020 _a9789707322752
035 _aUPN01000234792
040 _aMX-MxUPN
_bspa
_cMX-MxUPN
050 1 4 _aB68
_bL5.3
245 0 3 _aEl libro de todo, como en botica III :
_b---pero más divertido.
260 _aMéxico, D.F. :
_bAlgarabía,
_c2008.
300 _a185 páginas :
_bilustraciones.
490 0 _vColección Algarabía
650 1 4 _915075
_aFilosofía
_vMiscelánea
650 1 4 _98064
_aHistoria
_vMiscelánea
905 _aLibro
942 _2lcc
_cLIBRO
999 _c206887
_d206887